Strategies for engineering communication / (Record no. 178433)
[ view plain ]
| 000 -LEADER | |
|---|---|
| fixed length control field | 01149 a2200229 4500 |
| 003 - CONTROL NUMBER IDENTIFIER | |
| control field | Nust |
| 005 - DATE AND TIME OF LATEST TRANSACTION | |
| control field | 20221018103236.0 |
| 010 ## - LIBRARY OF CONGRESS CONTROL NUMBER | |
| LC control number | 2001033008 |
| 020 ## - INTERNATIONAL STANDARD BOOK NUMBER | |
| International Standard Book Number | 0471128171 (pbk. : alk. paper) |
| 040 ## - CATALOGING SOURCE | |
| Transcribing agency | Nust |
| 082 00 - DEWEY DECIMAL CLASSIFICATION NUMBER | |
| Classification number | 620.0014,STE |
| 100 1# - MAIN ENTRY--PERSONAL NAME | |
| Personal name | Stevenson, Susan. |
| 9 (RLIN) | 100572 |
| 245 10 - TITLE STATEMENT | |
| Title | Strategies for engineering communication / |
| Statement of responsibility, etc. | Susan Stevenson, Steve Whitmore ; with a chapter by Margaret Hope. |
| 260 ## - PUBLICATION, DISTRIBUTION, ETC. | |
| Place of publication, distribution, etc. | New York : |
| Name of publisher, distributor, etc. | Wiley, |
| Date of publication, distribution, etc. | c2002. |
| 300 ## - PHYSICAL DESCRIPTION | |
| Extent | ix, 372 p. : |
| Other physical details | ill. ; |
| Dimensions | 25 cm. |
| 505 ## - FORMATTED CONTENTS NOTE | |
| Formatted contents note | Planning and Inventing Strategies (Page-1), Drafting and Revising Strategies (Page-41), Rhetorical Strategies (Page-72), Strategies for Teamwork and Workplace Comm. (Page-109), Oral Presentation Strategies (Page-147), Stylistic Strategies (Page-188), Format Strategies (Page-245), Document Strategies and Sample Documentation (Page-291). |
| 650 #0 - SUBJECT ADDED ENTRY--TOPICAL TERM | |
| Topical term or geographic name entry element | Communication in engineering. |
| 9 (RLIN) | 96228 |
| 700 1# - ADDED ENTRY--PERSONAL NAME | |
| Personal name | Whitmore, Steve. |
| 9 (RLIN) | 100573 |
| 856 42 - ELECTRONIC LOCATION AND ACCESS | |
| Materials specified | Publisher description |
| Uniform Resource Identifier | <a href="http://www.loc.gov/catdir/description/wiley0310/2001033008.html">http://www.loc.gov/catdir/description/wiley0310/2001033008.html</a> |
| 856 42 - ELECTRONIC LOCATION AND ACCESS | |
| Materials specified | Table of Contents |
| Uniform Resource Identifier | <a href="http://www.loc.gov/catdir/toc/onix07/2001033008.html">http://www.loc.gov/catdir/toc/onix07/2001033008.html</a> |
| 942 ## - ADDED ENTRY ELEMENTS (KOHA) | |
| Source of classification or shelving scheme | |
| Koha item type | Book |
| Withdrawn status | Lost status | Source of classification or shelving scheme | Damaged status | Not for loan | Permanent Location | Current Location | Shelving location | Date acquired | Full call number | Barcode | Date last seen | Price effective from | Koha item type | Public note |
|---|---|---|---|---|---|---|---|---|---|---|---|---|---|---|
| Military College of Signals (MCS) | Military College of Signals (MCS) | General Stacks | 12/12/2016 | 620.0014,STE | MCS32366 | 12/08/2016 | 12/12/2016 | Book | Almirah No.26, Shelf No.5 |
